Longest Title Gaps - UEFA - Statistics

General Stats
  • This quiz has been taken 19 times
  • The average score is 6 of 21
Answer Stats
Country # Years Answer Gap % Correct
🏴󠁧󠁢󠁥󠁮󠁧󠁿 81 Blackburn Rovers 1914-1995
75%
🏴󠁧󠁢󠁥󠁮󠁧󠁿 71 Aston Villa 1910-1981
63%
🏴󠁧󠁢󠁥󠁮󠁧󠁿 50 Chelsea 1955-2005
63%
🇧🇪 53 Club Brugge 1920-1973
56%
🇧🇪 66 Antwerp 1957-2023
50%
🇫🇷 57 Lille 1954-2011
50%
🏴󠁧󠁢󠁳󠁣󠁴󠁿 61 Hearts 1897-1958
38%
🇨🇭 96 St. Gallen 1904-2000
38%
🇸🇪 55 AIK 1937-1992
31%
🇱🇺 83 Fola Esch 1930-2013
25%
🇧🇪 53 RFC Liège 1899-1952
25%
🇦🇱 78 Skënderbeu 1933-2011
19%
🇸🇰 73 Žilina 1953-1991
19%
NI 88 Cliftonville 1910-1998
13%
NI 57 Distillery 1906-1963
13%
🇬🇮 65 Europa 1952-2017
13%
🇨🇭 79 Aarau 1914-1993
6%
🇸🇪 58 Helsingborgs 1941-1999
6%
🇸🇪 72 Örgryte 1913-1985
6%
🇵🇱 54 Polonia Warsaw 1946-2000
6%
🇮🇸 57 Víkingur 1924-1981
6%
No matching quizzes found
Score Distribution
Percent of People with Each Score
Percentile by Number Answered
Your Score History
You have not taken this quiz